20 questions sur des sujets variés - Quiz 3 - Statistiques

Statistiques générales
  • Ce quiz a été pris 6 fois
  • Le résultat moyen est 4 sur 20
Statistiques - réponses
Hint Réponse % Correct
Combien y a-t-il de provinces aux Pays-Bas 12
83%
Combien y a-t-il d'îles néerlandaises dans la région de la mer des Wadden 5
83%
Quel est le deuxième port commercial des Pays-Bas Amsterdam
50%
Quel est le port de commerce le plus célèbre des Pays-Bas Rotterdam
50%
Quelles sont les deux rivières qui se jettent dans ces eaux Meuse
17%
Quelles sont les deux rivières qui se jettent dans ces eaux Rhin
17%
Dans quelle ville espagnole se trouve la plus belle place d'Espagne (F) Salamanque
17%
Nommez les cinq îles Texel
17%
Quelles sont les provinces voisines de Salamanque Valladolid
17%
Nommez les cinq îles Ameland
0%
Quelles sont les provinces voisines de Salamanque Avila
0%
Quelles sont les provinces voisines de Salamanque Cáceres
0%
Quel est le nom du cours d'eau qui relie ce port à la mer du Nord (NL) Nieuwe Waterweg
0%
Quel est le nom du cours d'eau qui relie ce port à la mer du Nord (NL) Noordzeekanaal
0%
Quel est le nom de la place Plaza Mayor
0%
Dans quelle ville espagnole se trouve la plus belle place d'Espagne (SP) Salamanca
0%
Nommez les cinq îles Schiermonnikoog
0%
Nommez les cinq îles Terschelling
0%
Nommez les cinq îles Vlieland
0%
Quelles sont les provinces voisines de Salamanque Zamora
0%
Aucun quiz correspondant
Distribution des résultats
% des personnes avec chaque résultat
Percentile par nombre de réponses
Votre historique - résultats
Vous n’avez pas pris ce quiz